UFC Champions Who Won The Ultimate Fighter - Statistics

General Stats
  • This quiz has been taken 89 times
  • The average score is 4 of 11
Answer Stats
Year TUF Won Year Champion Answer % Correct
2005 2008 Forrest Griffin
65%
2015 2019 Kamaru Usman
65%
2006 2016 Michael Bisping
61%
2011 2017 Tony Ferguson
47%
2005 2008 Rashad Evans
39%
2012 2017 Robert Whittaker
33%
2014 2014 Carla Esparza
32%
2006 2007 Matt Serra
32%
2017 2017 Nicco Montaño
32%
2013 2021 Julianna Peña
24%
2014 2023 Yair Rodríguez
15%
No matching quizzes found
Score Distribution
Percent of People with Each Score
Percentile by Number Answered
Your Score History
You have not taken this quiz